| 000 | 00362nam a2200133Ia 4500 | ||
|---|---|---|---|
| 008 | 240112s1954 AUG xx 000 0 und d | ||
| 022 | _a54-6097 | ||
| 041 | _aeng | ||
| 082 | _a618.92705 | ||
| 100 | _aABELSON N.M. | ||
| 245 | _aPEDIATRIC CLINICS NORTH AMERICA: CASE OF THE PREMATURE INFANCE | ||
| 260 |
_bSAUNDERS W.B. _c1954 AUG |
||
| 300 |
_a755,HB _cAUG |
||
| 999 |
_c1141476 _d1141476 |
||